<The> Local dimension of welfare-to-work <an> international survey

Saved in:
Bibliographic Details
Format: Book
Language:English
Published: Paris OECD 1999
Subjects:
Tags: Add Tag
No Tags, Be the first to tag this record!

MARC

LEADER 00000nam a2200000 4500
001 c120158
005 20221221084441.2
020 |a 92-64-17065-0 
041 0 |a eng 
044 |a FR 
245 1 0 |a <The> Local dimension of welfare-to-work  |b <an> international survey 
264 1 |a Paris  |b OECD  |c 1999 
300 |a 345 s. 
610 2 0 |a starostlivosť sociálna 
610 2 0 |a podmienky sociálne 
610 2 0 |a podmienky životné 
610 2 0 |a politika zamestnanosti 
610 2 0 |a nezamestnanosť 
610 2 0 |a agentúry 
610 2 0 |a partnerstvo sociálne 
610 2 0 |a modely 
610 2 0 |a programy sociálne 
610 2 0 |a porovnanie medzinárodné 
610 2 0 |a OECD